[Event "Nuremberg Zabo op 12th"]
[Site "Nuremberg"]
[Date "2010.09.18"]
[Round "2"]
[White "Kraus, Markus"]
[Black "Koerber, Christian"]
[Result "0-1"]
[WhiteElo "1164"]
[BlackElo "1611"]
[PlyCount "108"]
[EventDate "2010.09.17"]
[EventType "swiss"]
[EventRounds "5"]
[EventCountry "GER"]
[SourceTitle "EXT 2011"]
[Source "ChessBase"]
[SourceDate "2010.11.26"]
[SourceVersion "1"]
[SourceVersionDate "2010.11.26"]
[SourceQuality "1"]

1. e4 d5 2. Nc3 dxe4 3. Nxe4 Bf5 4. d3 Nc6 5. Be3 e6 6. Nf3 Nf6 7. Nxf6+ Qxf6 8. d4 Nb4 9. Bd3 Nxd3+ 10. cxd3 Qg6 11. Nh4 Qg4 12. Qxg4 Bxg4 13. 0-0 Be7 14. h3 Be2 15. Rfe1 Bxd3 16. Nf3 c6 17. a3 0-0 18. b4 Bf6 19. Rad1 Be4 20. Ne5 Rfd8 21. f3 Bd5 22. Kf2 Bb3 23. Rd3 Bxe5 24. Rxb3 Bxd4 25. Bxd4 Rxd4 26. g4 Rad8 27. Ke3 f5 28. Kf2 Kf7 29. Rbe3 fxg4 30. hxg4 R8d6 31. Re5 R4d5 32. R5e4 Rd1 33. Rf4+ Ke7 34. Re5 R1d4 35. Kg3 Rxf4 36. Kxf4 Rd4+ 37. Kg5 Rd5 38. Rxd5 exd5 39. f4 b6 40. f5 c5 41. Kf4 cxb4 42. axb4 a5 43. bxa5 bxa5 44. Ke5 a4 45. g5 a3 46. f6+ gxf6+ 47. gxf6+ Kf7 48. Kxd5 a2 49. Ke5 a1Q+ 50. Kf5 Qxf6+ 51. Kg4 Ke6 52. Kh5 Qg6+ 53. Kh4 Kf5 54. Kh3 Kf4 0-1